000 00381nam a2200145Ia 4500
008 240624s9999 xx 000 0 und d
041 _aeng
082 _a658.4 RUM
100 _aRUMMLER GEARY A
245 _aIMPROVING PERFORMANCE HOW TO MANAGE THE
250 _a(2nd ed.)
260 _c1995
_aSan Francisco
_bJossey-Bass
300 _axxv, : 226 : p. : cm. ; 26
365 _c
_b30
999 _c16368
_d16368